Top 30 FIFA Countries in 28 November 2024 - Statistics

General Stats
  • This quiz has been taken 27 times
  • The average score is 29 of 30
Answer Stats
Picture Answer % Correct
Argentina
100%
Belgium
100%
Brazil
100%
England
100%
France
100%
Italy
100%
Japan
100%
Netherlands
100%
Portugal
100%
Spain
100%
Turkey
100%
Colombia
96%
Croatia
96%
Denmark
96%
Germany
96%
Morocco
96%
Sweden
96%
Switzerland
96%
Ukraine
96%
Uruguay
96%
USA
96%
Wales
96%
Australia
92%
Austria
92%
Hungary
92%
Iran
92%
Mexico
92%
South Korea
92%
Ecuador
84%
Senegal
80%
No matching quizzes found
Score Distribution
Percent of People with Each Score
Percentile by Number Answered
Your Score History
You have not taken this quiz